CCNA security study guide (Record no. 11006)

000 -LEADER
fixed length control field 00408 a2200157 4500
020 ## - INTERNATIONAL STANDARD BOOK NUMBER
International Standard Book Number 9780470527672
082 ## - DEWEY DECIMAL CLASSIFICATION NUMBER
Classification number 005.8076
090 ## - LOCALLY ASSIGNED LC-TYPE CALL NUMBER (OCLC); LOCAL CALL NUMBER (RLIN)
-- 7203
-- 7203
100 ## - MAIN ENTRY--PERSONAL NAME
Personal name Boyles, Tim
245 ## - TITLE STATEMENT
Title CCNA security study guide
Statement of responsibility, etc. Tim Boyles
260 ## - PUBLICATION, DISTRIBUTION, ETC.
Place of publication, distribution, etc. Canada
Name of publisher, distributor, etc. John Wiley
Date of publication, distribution, etc. 2010
300 ## - PHYSICAL DESCRIPTION
Extent 516 p.
650 ## - SUBJECT ADDED ENTRY--TOPICAL TERM
Topical term or geographic name entry element Computer networks--Security measures--Examinations
700 ## - ADDED ENTRY--PERSONAL NAME
Personal name Tim Boyles
942 ## - ADDED ENTRY ELEMENTS (KOHA)
Koha item type Book
Call number prefix 005.8076 BOY
Holdings
Withdrawn status Lost status Damaged status Not for loan Collection code Permanent Location Current Location Shelving location Date acquired Source of acquisition Cost, normal purchase price Total Checkouts Full call number Barcode Date last seen Date last checked out Price effective from Koha item type
          Central Library (CL) Central Library (CL) First Floor - Artificial Intelligence/Data Mining 07/13/2012 A&J DEF TEK Consultants 3350.00 1 005.8076 BOY SEECS011453 08/31/2016 08/31/2016 01/05/2017 Book
© 2023 Central Library, National University of Sciences and Technology. All Rights Reserved.